000 00813nam a2200277Ia 4500
003 OSt
005 20221006160130.0
006 a|||||r|||| 00| 0
007 ta
008 221006b |||||||| |||| 00| 0 kor d
020 _a9781565912496
_cW9800
024 _a44,388
037 _bGift, KCC (Window on Korea)
_cTextual
040 _aEASL
_cEASL
_bkor
041 _2kor
_akor
082 _aP495,4, P7
100 _aKWON Sungmi
_9672029
245 0 _aEssential korean for everyday use
260 _aSeoul
_bHollym
_c2007
300 _a352p.
_ccm.
650 _a KL
650 _aKorean dictionary
_9672030
700 _a SHIN Hyunjung & others
_9672031
942 _hP495,4, P7
_cTEXL
_2CC
999 _c1112480
_d1112480